<?xml version="1.0" encoding="UTF-8"?>
<record
    xmlns:xsi="http://www.w3.org/2001/XMLSchema-instance"
    xsi:schemaLocation="http://www.loc.gov/MARC21/slim http://www.loc.gov/standards/marcxml/schema/MARC21slim.xsd"
    xmlns="http://www.loc.gov/MARC21/slim">

  <leader>01025cam a2200193 a 4500</leader>
  <controlfield tag="001">000003097</controlfield>
  <controlfield tag="005">20250404124919.0</controlfield>
  <controlfield tag="008">950524s1995    mx a          001 0 spa  </controlfield>
  <datafield tag="040" ind1=" " ind2=" ">
    <subfield code="a">DO-SdBNP</subfield>
    <subfield code="c">DLC</subfield>
    <subfield code="d">DLC</subfield>
  </datafield>
  <datafield tag="050" ind1="0" ind2="0">
    <subfield code="a">PQ7296.J6</subfield>
    <subfield code="b">A6 1995</subfield>
  </datafield>
  <datafield tag="082" ind1=" " ind2=" ">
    <subfield code="a">861</subfield>
    <subfield code="b">C957d</subfield>
  </datafield>
  <datafield tag="100" ind1="1" ind2=" ">
    <subfield code="a">Juana In&#xE9;s de la Cruz,</subfield>
    <subfield code="c">Sor,</subfield>
    <subfield code="d">1651-1695</subfield>
    <subfield code="9">9787</subfield>
  </datafield>
  <datafield tag="245" ind1="1" ind2="0">
    <subfield code="a">De las obras de sor Juana In&#xE9;s de la Cruz :</subfield>
    <subfield code="b">y la segunda Celestina /</subfield>
    <subfield code="c">Sor Juana In&#xE9;s de la Cruz ; introducci&#xF3;n, Fredo Arias de la Canal ; pr&#xF3;logo, Guillermo Schmidhuber de la Mora.</subfield>
  </datafield>
  <datafield tag="260" ind1=" " ind2=" ">
    <subfield code="a">M&#xE9;xico, D. F. :</subfield>
    <subfield code="b">Frente de Afirmaci&#xF3;n Hispanista,</subfield>
    <subfield code="c">1995.</subfield>
  </datafield>
  <datafield tag="300" ind1=" " ind2=" ">
    <subfield code="a">2 t. :</subfield>
    <subfield code="b">il. ;</subfield>
    <subfield code="c">22 cm.</subfield>
  </datafield>
  <datafield tag="500" ind1=" " ind2=" ">
    <subfield code="a">La biblioteca s&#xF3;lo posee el tomo 2.</subfield>
  </datafield>
  <datafield tag="505" ind1="1" ind2=" ">
    <subfield code="a">Segundo tomo de las obras de sor Juana In&#xE9;s de la Cruz -- Loa para la comedia de La segunda Celestina / Agust&#xED;n de Salazar y Torres -- La segunda Celestina / Agust&#xED;n de Salazar y Torres, coautor&#xED;a de Juana In&#xE9;s de la Cruz -- Protesta de la fe de sor Juana In&#xE9;s de la Cruz.</subfield>
  </datafield>
  <datafield tag="910" ind1=" " ind2=" ">
    <subfield code="a">Catalogaci&#xF3;n por copia / LC</subfield>
  </datafield>
  <datafield tag="952" ind1=" " ind2=" ">
    <subfield code="0">0</subfield>
    <subfield code="1">0</subfield>
    <subfield code="5">2</subfield>
    <subfield code="7">0</subfield>
    <subfield code="8">MO</subfield>
    <subfield code="a">GR</subfield>
    <subfield code="b">GR</subfield>
    <subfield code="c">CT</subfield>
    <subfield code="d">2009-07-06</subfield>
    <subfield code="i">LF1</subfield>
    <subfield code="l">0</subfield>
    <subfield code="o">861 C957d</subfield>
    <subfield code="p">3097-10</subfield>
    <subfield code="r">2020-06-25</subfield>
    <subfield code="w">2020-06-25</subfield>
    <subfield code="y">2</subfield>
    <subfield code="Z">Pr&#xE9;stamo interno</subfield>
  </datafield>
  <datafield tag="999" ind1=" " ind2=" ">
    <subfield code="c">2928</subfield>
    <subfield code="d">2928</subfield>
  </datafield>
</record>
